| 000 | 00462cam a2200181ua 4500 | ||
|---|---|---|---|
| 020 | _c395.00/- | ||
| 041 |
_aeng _h |
||
| 082 |
_a604.2 _bLUZ/FU |
||
| 100 | _aLuzadder, Warren J. | ||
| 245 |
_aFundamentals of engineering drrawing / _cWarren Luzadder. _hTextual Documents |
||
| 250 |
_a11 / _b. |
||
| 260 |
_aNew Delhi : _bPrentice hall , _c1993. |
||
| 300 | _a692 ; . | ||
| 365 | _a395.00/- | ||
| 504 | _a | ||
| 942 | _cBK | ||
| 999 |
_c13113 _d13113 |
||